Normal view MARC view
  • Hollenbach F., Fernando

Entry Nombre Personal

Number of records used in: 4

001 - NUMERO DE CONTROL

  • campo de control: 51234

003 - IDENTIFICADOR DE NUMERO DE CONTROL

  • campo de control: MX-MxUPN

005 - FECHA Y HORA DE LA ÜLTIMA TRANSACCIÓN

  • campo de control: 20240227120059.0

008 - DATOS DE LONGITUD FIJA

  • campo de control de longitud fija: 240227|| aca||aabn | a|a d

040 ## - FUENTE DE CATALOGACIÓN

  • Agencia original de catalogación: MX-MxUPN
  • Lenguaje de catalogación: spa

100 1# - ENCABEZAMIENTO - NOMBRE PERSONAL

  • Nombre personal: Hollenbach F., Fernando

400 1# - VEÁSE - NOMBRE DE PERSONA

  • Personal name: F., Fernando Hollenbach

670 ## - FUENTE EN LA QUE SE LOCALIZARON DATOS

  • Cita de la fuente: El alfabeto del mixteco de Magdalena Peñasco, 2000 :
  • Información localizada: portada (Fernando Hollenbach F.,)

902 ## - CATALOGADOR

  • Catalogador: VíctorGodínez/270224